[Event "MCR mladeze 2014, H12"]
[Site "Kouty nad Desnou"]
[Date "2014.03.09"]
[Round "2"]
[White "Riha, Vojtech"]
[Black "Nehyba, Martin"]
[Result "0-1"]
[WhiteElo "1526"]
[BlackElo "1629"]
[PlyCount "46"]
[EventDate "2014.??.??"]

1. d4 Nf6 2. c4 e5 3. dxe5 Ng4 4. Nf3 Bc5 5. e3 Nc6 6. Nc3 Ngxe5 7. Nxe5 Nxe5
8. Be2 d6 9. O-O O-O 10. Bd2 Be6 11. b3 f5 12. Qc2 c6 13. Na4 Bb6 14. Nxb6 axb6
15. Bc3 Ng6 16. Rad1 Qe7 17. Rd2 d5 18. Rfd1 f4 19. e4 dxe4 20. Qxe4 Rae8 21.
Bd3 Qg5 22. Qd4 Nh4 23. Qe4 Bf5 0-1

[Event "MCR mladeze 2014, H12"]
[Site "Kouty nad Desnou"]
[Date "2014.03.09"]
[Round "2"]
[White "Haase, Pavel"]
[Black "Ocko, Dominik"]
[Result "1-0"]
[WhiteElo "1700"]
[BlackElo "1490"]
[PlyCount "113"]
[EventDate "2014.??.??"]

1. Nf3 d5 2. c4 d4 3. e3 Nc6 4. d3 e5 5. a3 a5 6. Be2 Nh6 7. exd4 exd4 8. Bf4
Be7 9. Nbd2 O-O 10. O-O Nf5 11. Ne4 Re8 12. Re1 Be6 13. Nfg5 Bxg5 14. Bxg5 f6
15. Bf4 b6 16. Bf3 Qd7 17. g3 Rad8 18. Bg2 Nce7 19. b4 Ng6 20. Bd2 Ne5 21. Bf4
Ng6 22. Bd2 Ne5 23. Qc2 axb4 24. axb4 Nd6 25. f4 Nxe4 26. Bxe4 Ng4 27. b5 Qd6
28. Qb2 c5 29. bxc6 Qc7 30. Rab1 Rb8 31. Qxd4 Red8 32. Qc3 Bf7 33. Bf3 Nh6 34.
Be3 Bg6 35. Bd5+ Kh8 36. Bd4 Nf5 37. Bxf6 gxf6 38. Qxf6+ Ng7 39. Re7 Qxe7 40.
Qxe7 Re8 41. c7 Rbc8 42. Qd6 Bxd3 43. Rxb6 Re1+ 44. Kf2 Re2+ 45. Kf3 Rce8 46.
Rb8 R2e3+ 47. Kg4 Bf5+ 48. Kg5 Bc8 49. Bf7 Ne6+ 50. Bxe6 h6+ 51. Kh4 R3xe6 52.
Qxe6 Rxe6 53. Rxc8+ Kg7 54. Rg8+ Kxg8 55. c8=Q+ Kf7 56. Qxe6+ Kxe6 57. Kh5 1-0

[Event "MCR mladeze 2014, H12"]
[Site "Kouty nad Desnou"]
[Date "2014.03.09"]
[Round "2"]
[White "Martirosyan, Ara"]
[Black "Halamicek, Radek"]
[Result "1/2-1/2"]
[WhiteElo "1659"]
[BlackElo "1491"]
[PlyCount "65"]
[EventDate "2014.??.??"]

1. e4 c5 2. d3 e6 3. Nf3 d5 4. exd5 exd5 5. Qe2+ Qe7 6. Nc3 Nf6 7. Bg5 Qxe2+ 8.
Bxe2 Be6 9. O-O Nc6 10. Rfe1 Be7 11. Nb5 O-O 12. d4 a6 13. Nc7 Rac8 14. Nxe6
fxe6 15. dxc5 Bxc5 16. Bxf6 Rxf6 17. c3 Rcf8 18. Bd3 e5 19. c4 e4 20. cxd5 exf3
21. dxc6 fxg2 22. Kxg2 Rxf2+ 23. Kh1 bxc6 24. Rf1 Rxb2 25. Bc4+ Kh8 26. Rxf8+
Bxf8 27. Rf1 Bc5 28. Rd1 g6 29. Bxa6 Rxa2 30. Bb7 Rc2 31. Bxc6 Be3 32. Ba4 Rc1
33. Kg2 1/2-1/2

[Event "MCR mladeze 2014, H12"]
[Site "Kouty nad Desnou"]
[Date "2014.03.09"]
[Round "2"]
[White "Svanda, Ondrej"]
[Black "Kopec, Ladislav"]
[Result "1-0"]
[WhiteElo "1756"]
[BlackElo "1456"]
[PlyCount "85"]
[EventDate "2014.??.??"]

1. e4 c5 2. Nc3 a6 3. f4 b5 4. Nf3 Bb7 5. d3 e6 6. g3 d6 7. Bg2 Nf6 8. O-O Nc6
9. h3 Be7 10. Ne2 Qc7 11. c3 h6 12. Qe1 Nh7 13. d4 cxd4 14. Nexd4 g5 15. f5 e5
16. Nxc6 Qxc6 17. Nd2 Nf6 18. Qe2 h5 19. Re1 g4 20. h4 Qb6+ 21. Kh2 Kd7 22. Nb3
Rag8 23. Rd1 Ke8 24. Be3 Qc6 25. Na5 Qc7 26. Nxb7 Qxb7 27. Qd3 Nd7 28. b4 f6
29. Rd2 Nb6 30. Bg1 Nc4 31. Re2 Kf7 32. a4 Ra8 33. Rea2 Rhc8 34. Bf1 Kf8 35.
Qc2 Rab8 36. axb5 axb5 37. Qc1 Qxe4 38. Qh6+ Kg8 39. Bg2 Qd3 40. Ra7 Re8 41.
Bc6 Qe2+ 42. Kh1 e4 43. Bd5# 1-0

[Event "MCR mladeze 2014, H12"]
[Site "Kouty nad Desnou"]
[Date "2014.03.10"]
[Round "3"]
[White "Sykora, Marek"]
[Black "Nehyba, Martin"]
[Result "1-0"]
[WhiteElo "1674"]
[BlackElo "1629"]
[PlyCount "69"]
[EventDate "2014.??.??"]

1. e4 e5 2. Nf3 Nc6 3. Bc4 Bc5 4. c3 Nf6 5. d4 exd4 6. e5 d5 7. Bb5 Ne4 8. cxd4
Bb4+ 9. Nbd2 Bg4 10. Qc2 O-O 11. Bxc6 bxc6 12. O-O Bxf3 13. Nxf3 Qd7 14. Rd1
Rae8 15. Be3 f5 16. exf6 Rxf6 17. Ne5 Qd6 18. f3 Nc5 19. a3 Nd7 20. axb4 Rfe6
21. Bf4 Nxe5 22. Bxe5 Qxb4 23. Qc3 Qb6 24. f4 Rg6 25. Kh1 Rb8 26. Rd2 Qb5 27.
h3 a6 28. f5 Rg5 29. g4 g6 30. Bf4 h6 31. Bxg5 hxg5 32. fxg6 Re8 33. Qf3 Rf8
34. Qe2 Qb8 35. Qe7 1-0

[Event "MCR mladeze 2014, H12"]
[Site "Kouty nad Desnou"]
[Date "2014.03.10"]
[Round "3"]
[White "Svanda, Ondrej"]
[Black "Demko, Robert"]
[Result "1-0"]
[WhiteElo "1756"]
[BlackElo "1576"]
[PlyCount "61"]
[EventDate "2014.??.??"]

1. e4 c5 2. Nc3 e6 3. f4 d5 4. e5 Nc6 5. Nf3 Be7 6. d4 h5 7. Be3 cxd4 8. Nxd4
Nxd4 9. Bxd4 Nh6 10. Qxh5 O-O 11. O-O-O Nf5 12. Bf2 a6 13. g4 Nh4 14. g5 Nf5
15. Bd3 g6 16. Qf3 Ng7 17. h4 Nh5 18. Ne2 Qa5 19. Kb1 Bc5 20. Bxc5 Qxc5 21. Ng3
Nxg3 22. Qxg3 b5 23. h5 Bb7 24. hxg6 fxg6 25. Bxg6 Kg7 26. Rh7+ Kxg6 27. Qd3+
Rf5 28. Rdh1 Qf8 29. R1h6+ Qxh6 30. Rxh6+ Kg7 31. Qh3 1-0

[Event "MCR mladeze 2014, H12"]
[Site "Kouty nad Desnou"]
[Date "2014.03.10"]
[Round "3"]
[White "Halamicek, Radek"]
[Black "Vorisek, Jakub"]
[Result "1/2-1/2"]
[WhiteElo "1491"]
[BlackElo "1619"]
[PlyCount "79"]
[EventDate "2014.??.??"]

1. e4 e5 2. Nf3 Nc6 3. Bb5 a6 4. Ba4 Nf6 5. O-O Nxe4 6. d4 b5 7. Bb3 d5 8. Nxe5
Nxe5 9. dxe5 c6 10. Nd2 Nc5 11. f4 Bf5 12. Nf3 Nxb3 13. axb3 Bc5+ 14. Kh1 O-O
15. Qe2 Qe7 16. c3 Rfe8 17. Be3 Bxe3 18. Qxe3 Be4 19. Qb6 Qd7 20. Qd4 Bxf3 21.
Rxf3 Qa7 22. Qd3 Qc5 23. Re1 Re7 24. Rh3 g6 25. f5 Rae8 26. Qg3 Qd6 27. Qh4 h5
28. fxg6 fxg6 29. Qg3 Kh7 30. Qd3 Rxe5 31. Rf1 Qe6 32. Rhf3 Re1 33. Qd2 Rxf1+
34. Rxf1 Qe2 35. Qf4 Qe7 36. Qf3 Kg7 37. Qf4 Rf8 38. Qd4+ Kg8 39. Rxf8+ Qxf8
40. h3 1/2-1/2

[Event "MCR mladeze 2014, H12"]
[Site "Kouty nad Desnou"]
[Date "2014.03.10"]
[Round "3"]
[White "Petr, Jakub"]
[Black "Riha, Vojtech"]
[Result "1-0"]
[WhiteElo "1605"]
[BlackElo "1526"]
[PlyCount "89"]
[EventDate "2014.??.??"]

1. e4 e5 2. Nf3 Nc6 3. Bb5 a6 4. Ba4 d6 5. c3 Nf6 6. Qe2 b5 7. Bc2 Bg4 8. O-O
Be7 9. d3 O-O 10. Rd1 Qc8 11. Nbd2 b4 12. h3 Bh5 13. Nf1 Rd8 14. Ng3 Bg6 15.
Nh4 bxc3 16. bxc3 d5 17. Nhf5 Bf8 18. Bg5 d4 19. c4 Ne7 20. Qf3 c5 21. Nh6+
gxh6 22. Bxf6 Qc7 23. h4 h5 24. Nxh5 Bxh5 25. Qxh5 Ng6 26. Bxd8 Rxd8 27. Qg4
Kh8 28. g3 Bg7 29. Rab1 Ne7 30. Qf3 Nc6 31. a3 h6 32. Rb3 Rb8 33. Rxb8+ Nxb8
34. Rb1 Nc6 35. Ba4 Nd8 36. Qd1 Bf8 37. Qb3 Bd6 38. Qb6 Kg7 39. Qxa6 Qe7 40.
Rb6 Bc7 41. Rb5 Bd6 42. Bc2 h5 43. a4 Qd7 44. a5 Qe7 45. Qb6 1-0

[Event "MCR mladeze 2014, H12"]
[Site "Kouty nad Desnou"]
[Date "2014.03.10"]
[Round "3"]
[White "Polansky, Adam Lubos"]
[Black "Vraj, Ondrej"]
[Result "0-1"]
[WhiteElo "1542"]
[BlackElo "1509"]
[PlyCount "40"]
[EventDate "2014.??.??"]

1. e4 d5 2. exd5 Qxd5 3. Nc3 Qa5 4. Bc4 Bf5 5. d3 c6 6. Nge2 Nf6 7. O-O e6 8.
Kh1 Bd6 9. f4 Qc7 10. Qe1 Nbd7 11. Ng3 Bg4 12. Nce4 h5 13. Nxd6+ Qxd6 14. f5 h4
15. fxe6 hxg3 16. exd7+ Kxd7 17. Bf4 Rxh2+ 18. Kg1 Qc5+ 19. Be3 Rh1+ 20. Kxh1
Qh5+ 0-1

[Event "MCR mladeze 2014, H12"]
[Site "Kouty nad Desnou"]
[Date "2014.03.10"]
[Round "3"]
[White "Ocko, Dominik"]
[Black "Broz, Petr"]
[Result "1-0"]
[WhiteElo "1490"]
[BlackElo "1491"]
[PlyCount "97"]
[EventDate "2014.??.??"]

1. e4 c5 2. Nf3 Nc6 3. d4 cxd4 4. Nxd4 g6 5. Nc3 Bg7 6. Nb3 Nf6 7. Be3 O-O 8.
Be2 d6 9. O-O Bd7 10. Qd2 Ng4 11. Bxg4 Bxg4 12. f3 Be6 13. Nd4 Bc4 14. Rfd1
Nxd4 15. Bxd4 Bxd4+ 16. Qxd4 Qc7 17. Rd2 Rac8 18. b3 Bxb3 19. axb3 Qxc3 20.
Qxc3 Rxc3 21. Rxa7 Rc7 22. c4 Rfc8 23. Rd5 b6 24. Rxc7 Rxc7 25. Rb5 Rc6 26. Kf2
Kf8 27. Rb4 Ke8 28. Ra4 Kd7 29. Ra7+ Rc7 30. Rxc7+ Kxc7 31. Ke3 Kc6 32. Kd4 e5+
33. Kc3 b5 34. cxb5+ Kxb5 35. b4 f6 36. g3 h6 37. g4 d5 38. exd5 f5 39. Kd3 Kb6
40. h3 Kc7 41. b5 h5 42. Ke3 Kd6 43. b6 h4 44. gxf5 gxf5 45. Kd3 Kd7 46. Kc4
Kd6 47. Kb5 e4 48. fxe4 f4 49. Kc4 1-0

[Event "MCR mladeze 2014, H12"]
[Site "Kouty nad Desnou"]
[Date "2014.03.11"]
[Round "4"]
[White "Mladek, Richard"]
[Black "Sykora, Marek"]
[Result "1/2-1/2"]
[WhiteElo "1685"]
[BlackElo "1674"]
[PlyCount "132"]
[EventDate "2014.??.??"]

1. e4 e6 2. d4 d5 3. exd5 exd5 4. Bd3 Bd6 5. Nf3 Nc6 6. c3 Nge7 7. O-O Bg4 8.
Nbd2 Qd7 9. b4 O-O 10. Re1 f6 11. Qc2 Bf5 12. Nf1 Bxd3 13. Qxd3 Rae8 14. Bd2
Ng6 15. Qb5 a6 16. Qxd5+ Kh8 17. Qb3 Nf4 18. Ng3 Qg4 19. Bxf4 Qxf4 20. Qd5 Nd8
21. Qf5 Qxf5 22. Nxf5 Nf7 23. Nxd6 Nxd6 24. Nd2 Nb5 25. Rec1 Re2 26. Nc4 Rfe8
27. Kf1 R2e4 28. a4 Na7 29. Re1 Kg8 30. Rxe4 Rxe4 31. Re1 Rxe1+ 32. Kxe1 Kf7
33. Ke2 Ke6 34. Kd3 Nc6 35. Ne3 Ne7 36. c4 c6 37. a5 g6 38. h4 f5 39. f4 h6 40.
g3 h5 41. Kc3 Kd6 42. c5+ Ke6 43. Kc4 Kd7 44. d5 Ng8 45. Kd4 Nf6 46. d6 Ke6 47.
Nc4 Nd7 48. Ne5 Nf8 49. Kd3 Kf6 50. Nf3 Ne6 51. Ng5 Nf8 52. Kd4 Nd7 53. Nf3 Nf8
54. Nd2 Ne6+ 55. Kd3 Nd8 56. Nc4 Ne6 57. Ne5 Nf8 58. Kd4 Ne6+ 59. Kc4 Nf8 60.
Kc3 Ne6 61. Kd3 Nf8 62. Kc4 Ne6 63. Kc3 Nf8 64. Kc4 Ne6 65. d7 Nd8 66. Kd4 Ne6+
1/2-1/2

[Event "MCR mladeze 2014, H12"]
[Site "Kouty nad Desnou"]
[Date "2014.03.11"]
[Round "4"]
[White "Dolansky, Lukas"]
[Black "Svanda, Ondrej"]
[Result "0-1"]
[WhiteElo "1590"]
[BlackElo "1756"]
[PlyCount "108"]
[EventDate "2014.??.??"]

1. e4 c5 2. Nf3 g6 3. d4 cxd4 4. Nxd4 Nc6 5. Be3 Nf6 6. Nc3 Bg7 7. Nxc6 bxc6 8.
e5 Ng8 9. f4 f6 10. exf6 Nxf6 11. Bd3 O-O 12. O-O d6 13. Qf3 Ng4 14. Bd2 Bd4+
15. Kh1 e5 16. h3 Qh4 17. Be1 Qh5 18. Bg3 exf4 19. Ne2 Be3 20. Bh2 Nf2+ 21.
Rxf2 Bxf2 22. Qxf2 f3 23. Ng1 Be6 24. Rf1 fxg2+ 25. Qxg2 Rxf1 26. Qxf1 Bd5+ 27.
Nf3 Qxf3+ 28. Qxf3 Bxf3+ 29. Kg1 d5 30. Ba6 Re8 31. Kf2 Be4 32. c3 Bb1 33. a3
Ba2 34. Bd6 Bc4 35. Bb7 Re2+ 36. Kf3 Rxb2 37. Bxc6 Rb6 38. Bc5 Rxc6 39. Bxa7
Ra6 40. Bc5 Rf6+ 41. Kg4 h6 42. Bd4 Re6 43. h4 Re4+ 44. Kg3 Rxd4 45. cxd4 Kf7
46. a4 Kf6 47. Kf4 g5+ 48. hxg5+ hxg5+ 49. Kf3 Kf5 50. a5 Ba6 51. Ke3 g4 52.
Kf2 Ke4 53. Kg3 Kxd4 54. Kxg4 Ke3 0-1

[Event "MCR mladeze 2014, H12"]
[Site "Kouty nad Desnou"]
[Date "2014.03.11"]
[Round "4"]
[White "Nehyba, Martin"]
[Black "Skalsky, Alexandr"]
[Result "1/2-1/2"]
[WhiteElo "1629"]
[BlackElo "1746"]
[PlyCount "56"]
[EventDate "2014.??.??"]

1. e4 c6 2. d4 d5 3. exd5 cxd5 4. Bd3 Nc6 5. c3 Nf6 6. Bf4 g6 7. Nf3 Bg7 8.
Nbd2 O-O 9. Qc2 Bd7 10. O-O-O Qa5 11. a3 Rfc8 12. Nb3 Qb6 13. Kb1 Nd8 14. Nc5
Ne6 15. Nxd7 Nxd7 16. Be3 Rc6 17. Qd2 Rac8 18. Ka2 Qa5 19. Ng5 Nc7 20. h4 h6
21. Nf3 h5 22. Bh6 Nb5 23. Bxb5 Qxb5 24. Bxg7 Kxg7 25. Ne5 Re6 26. Nxd7 Re2 27.
Qc1 Qxd7 28. Rd2 Rxd2 1/2-1/2

[Event "MCR mladeze 2014, H12"]
[Site "Kouty nad Desnou"]
[Date "2014.03.11"]
[Round "4"]
[White "Vraj, Ondrej"]
[Black "Petr, Jakub"]
[Result "0-1"]
[WhiteElo "1509"]
[BlackElo "1605"]
[PlyCount "118"]
[EventDate "2014.??.??"]

1. e4 c5 2. Nf3 d6 3. d4 cxd4 4. Nxd4 Nf6 5. Nc3 a6 6. f3 e5 7. Nb3 Be6 8. Bg5
Be7 9. Qd2 Nbd7 10. O-O-O Rc8 11. Kb1 b5 12. g3 Qc7 13. Bd3 Nb6 14. f4 Nc4 15.
Bxc4 bxc4 16. Na1 Qa5 17. Bxf6 gxf6 18. f5 Bd7 19. Nd5 Qxd2 20. Rxd2 Bc6 21.
Nb6 Rc7 22. Re1 c3 23. Rd3 cxb2 24. Nb3 Bb5 25. Nd5 Rc8 26. Rc3 Rxc3 27. Nxc3
Bc6 28. Na5 Ba8 29. Na4 Bd8 30. Nc4 Ke7 31. Rd1 Bc7 32. Nc3 Rb8 33. Ne3 Kd7 34.
Ncd5 Bd8 35. Nc3 Bc7 36. Na4 Ke8 37. Ng4 Ke7 38. Nc3 Bd8 39. Ne3 Kd7 40. h4 Rb4
41. Ng2 Rc4 42. Kxb2 Bxe4 43. Kb3 Rxc3+ 44. Kxc3 Bxg2 45. Kd3 e4+ 46. Ke3 Bf3
47. Rb1 Kc6 48. g4 d5 49. Rc1 Bb6+ 50. Kf4 Bc7+ 51. Ke3 Kc5 52. c3 Be5 53. g5
fxg5 54. hxg5 Kc4 55. g6 hxg6 56. fxg6 fxg6 57. Rg1 Bh5 58. a4 Bxc3 59. Rg5 d4+
0-1

[Event "MCR mladeze 2014, H12"]
[Site "Kouty nad Desnou"]
[Date "2014.03.11"]
[Round "4"]
[White "Haase, Pavel"]
[Black "Fojt, Petr"]
[Result "1-0"]
[WhiteElo "1700"]
[BlackElo "1373"]
[PlyCount "69"]
[EventDate "2014.??.??"]

1. Nf3 Nf6 2. c4 b6 3. d4 g6 4. Nc3 d5 5. Bf4 Bg7 6. e3 Bb7 7. Rc1 e6 8. cxd5
exd5 9. Nb5 Na6 10. Bxc7 Qe7 11. Bd6 Qd8 12. Be5 O-O 13. Nd6 Qe7 14. Bb5 Rad8
15. Nxb7 Qxb7 16. Qa4 Rc8 17. Bc6 Qe7 18. Qxa6 Qb4+ 19. Ke2 Qxb2+ 20. Nd2 Ne4
21. Qd3 Qxa2 22. Rc2 Qa5 23. Bxg7 Kxg7 24. Nxe4 dxe4 25. Bxe4 f5 26. Bc6 Rf6
27. Rhc1 f4 28. d5 Rd8 29. e4 Kf8 30. Qc3 Qa6+ 31. Qd3 Qa5 32. f3 Ke7 33. Qc3
Qa6+ 34. Kf2 Kf7 35. Ra1 1-0

[Event "MCR mladeze 2014, H12"]
[Site "Kouty nad Desnou"]
[Date "2014.03.11"]
[Round "4"]
[White "Martirosyan, Ara"]
[Black "Demko, Robert"]
[Result "1-0"]
[WhiteElo "1659"]
[BlackElo "1576"]
[PlyCount "95"]
[EventDate "2014.??.??"]

1. Nf3 d5 2. g3 c6 3. Bg2 Bg4 4. O-O Nd7 5. d3 e6 6. Nbd2 Bd6 7. Qe1 Ne7 8. e4
O-O 9. e5 Bc7 10. d4 b5 11. Nb3 Bb6 12. c3 a5 13. a4 Qc7 14. Qd2 Bf5 15. Nh4
Rfc8 16. Qg5 Qd8 17. Nxf5 Nxf5 18. Qxd8+ Bxd8 19. Bh3 bxa4 20. Rxa4 Ne7 21. Bg5
Kf8 22. Rfa1 Rab8 23. Nxa5 Rxb2 24. Kf1 h6 25. Bxe7+ Kxe7 26. R4a2 Rb5 27. Ke1
Bxa5 28. Rxa5 Rcb8 29. Bg4 Rb3 30. R5a3 Rb2 31. Bd1 c5 32. Ra7 cxd4 33. cxd4
R2b7 34. R1a6 Rxa7 35. Rxa7 Rb4 36. Ba4 Rxa4 37. Rxa4 Nb6 38. Rb4 Nc4 39. Ke2
g5 40. Rb8 h5 41. Rh8 h4 42. gxh4 gxh4 43. Rxh4 Nb6 44. Rg4 Nd7 45. h4 Nf8 46.
h5 Nh7 47. Rg7 Nf8 48. h6 1-0

[Event "MCR mladeze 2014, H12"]
[Site "Kouty nad Desnou"]
[Date "2014.03.11"]
[Round "4"]
[White "Vorisek, Jakub"]
[Black "Ocko, Dominik"]
[Result "1-0"]
[WhiteElo "1619"]
[BlackElo "1490"]
[PlyCount "113"]
[EventDate "2014.??.??"]

1. e4 e6 2. d4 d5 3. exd5 exd5 4. Bd3 Nf6 5. Nf3 Bd6 6. Bg5 h6 7. Bh4 Nc6 8. c3
Bg4 9. Nbd2 Qe7+ 10. Qe2 Qxe2+ 11. Kxe2 g5 12. Bg3 Bxg3 13. hxg3 O-O-O 14. Rae1
Rde8+ 15. Kd1 Rxe1+ 16. Rxe1 Re8 17. Rxe8+ Nxe8 18. Kc2 f6 19. Nh2 Be6 20. g4
Nd6 21. Ndf1 f5 22. Ne3 f4 23. Nf5 Nxf5 24. gxf5 Bf7 25. Ng4 h5 26. Ne5 Nxe5
27. dxe5 Kd8 28. Be2 g4 29. Kd3 c5 30. c4 dxc4+ 31. Ke4 b5 32. e6 Be8 33. Ke5
Ke7 34. f6+ Kf8 35. f7 Bxf7 36. exf7 Kxf7 37. Kxf4 Kf6 38. g3 a5 39. Ke4 Ke6
40. a4 bxa4 41. Bxc4+ Kf6 42. Kd5 Kf5 43. Kxc5 Ke4 44. Bf7 Kf3 45. Bxh5 Kxf2
46. Bxg4 Kxg3 47. Bd1 Kf4 48. Kb5 Ke5 49. Kxa4 Kd6 50. Kxa5 Kc7 51. Ka6 Kb8 52.
b4 Ka8 53. Bf3+ Kb8 54. b5 Kc8 55. b6 Kb8 56. b7 Kc7 57. Ka7 1-0

[Event "MCR mladeze 2014, H12"]
[Site "Kouty nad Desnou"]
[Date "2014.03.11"]
[Round "4"]
[White "Halamicek, Radek"]
[Black "Nemec, David"]
[Result "1-0"]
[WhiteElo "1491"]
[BlackElo "1570"]
[PlyCount "51"]
[EventDate "2014.??.??"]

1. e4 c5 2. Nc3 Nc6 3. g3 g6 4. Bg2 Bg7 5. d3 d6 6. f4 a6 7. Nf3 Nf6 8. O-O O-O
9. Ne2 Bd7 10. c3 Rb8 11. h3 b5 12. g4 Qc8 13. Ng3 b4 14. f5 Ne8 15. Bd2 Ne5
16. Nxe5 Bxe5 17. Rf3 Nc7 18. Bh6 Bg7 19. Bxg7 Kxg7 20. c4 a5 21. Qd2 e6 22.
Nh5+ Kh8 23. Qh6 Rg8 24. Nf6 Rg7 25. fxg6 fxg6 26. Raf1 1-0

[Event "MCR mladeze 2014, H12"]
[Site "Kouty nad Desnou"]
[Date "2014.03.11"]
[Round "4"]
[White "Ludvik, Tomas"]
[Black "Riha, Vojtech"]
[Result "1/2-1/2"]
[WhiteElo "1548"]
[BlackElo "1526"]
[PlyCount "90"]
[EventDate "2014.??.??"]

1. e4 e5 2. Nf3 Nc6 3. Bb5 d6 4. d4 exd4 5. Nxd4 Bd7 6. Bxc6 bxc6 7. Nc3 Be7 8.
O-O Nf6 9. h3 O-O 10. Nb3 Be6 11. f4 Bc4 12. Re1 d5 13. e5 Ne4 14. Nxe4 dxe4
15. Qxd8 Rfxd8 16. Na5 Bb4 17. Rxe4 Bxa5 18. Rxc4 Rd1+ 19. Kf2 Bd2 20. Bxd2
Rxa1 21. a3 Rd8 22. Be3 Ra2 23. b3 Rxa3 24. Rxc6 Rc8 25. Ke2 Ra2 26. f5 Kf8 27.
e6 Ke8 28. Kf3 a5 29. Bd4 fxe6 30. fxe6 g6 31. Ke4 a4 32. bxa4 Rxa4 33. Ke5
Ra5+ 34. Ke4 Rh5 35. c3 Rf5 36. g3 Rf1 37. h4 Rf5 38. Be5 Rf1 39. Bf4 Re1+ 40.
Kd5 Re2 41. c4 Re1 42. Bxc7 Rd1+ 43. Kc5 Re1 44. Kb6 Rb1+ 45. Kc5 Ra1 1/2-1/2

[Event "MCR mladeze 2014, H12"]
[Site "Kouty nad Desnou"]
[Date "2014.03.11"]
[Round "4"]
[White "Kopec, Ladislav"]
[Black "Polansky, Adam Lubos"]
[Result "0-1"]
[WhiteElo "1456"]
[BlackElo "1542"]
[PlyCount "118"]
[EventDate "2014.??.??"]

1. e4 c6 2. d4 d5 3. exd5 cxd5 4. Bd3 Nc6 5. c3 Nf6 6. Bf4 g6 7. Nd2 Bg7 8.
Ngf3 O-O 9. O-O Bf5 10. Bxf5 gxf5 11. Ne5 Nxe5 12. Bxe5 Kh8 13. Nf3 Rg8 14. Bf4
Ne4 15. Ne5 Qe8 16. Qa4 f6 17. Qxe8 Rgxe8 18. Nf3 e5 19. dxe5 fxe5 20. Bg3 f4
21. Bh4 Bf6 22. Bxf6+ Nxf6 23. Rad1 e4 24. Nd4 Ng4 25. h3 Ne5 26. Nb5 Rad8 27.
Nc7 Rg8 28. Rxd5 Rxd5 29. Nxd5 f3 30. g3 Nd3 31. b3 Rg5 32. Ne3 Rc5 33. c4 Ra5
34. a4 Ra6 35. Nd5 Nc5 36. Rb1 Rc6 37. Kf1 Kg7 38. Ke1 Nd3+ 39. Kf1 Kf7 40. Kg1
Ke6 41. Rd1 Ke5 42. g4 Nc5 43. Rb1 Nd3 44. g5 Nf4 45. Nxf4 Kxf4 46. Re1 Re6 47.
c5 Kxg5 48. Kh2 Kf4 49. b4 e3 50. Kg1 e2 51. b5 Re4 52. a5 Rc4 53. c6 bxc6 54.
bxc6 Rxc6 55. h4 Rd6 56. h5 Rd1 57. Rxd1 exd1=Q+ 58. Kh2 Qf1 59. a6 Qg2# 0-1

[Event "MCR mladeze 2014, H12"]
[Site "Kouty nad Desnou"]
[Date "2014.03.11"]
[Round "4"]
[White "Zak, Daniel"]
[Black "Havelka, Frantisek"]
[Result "0-1"]
[WhiteElo "1403"]
[BlackElo "1476"]
[PlyCount "106"]
[EventDate "2014.??.??"]

1. d4 d5 2. Nf3 e6 3. Bf4 Be7 4. e3 f5 5. Be2 Nf6 6. Nbd2 O-O 7. h3 c6 8. c3
Ne4 9. Qc2 Nd7 10. g4 Bh4 11. Nxe4 fxe4 12. Nxh4 Qxh4 13. Bg3 Qf6 14. O-O-O a5
15. h4 e5 16. g5 Qf5 17. dxe5 Nxe5 18. Bxe5 Qxe5 19. Rdf1 b5 20. Qd2 Ba6 21. f4
exf3 22. Rxf3 Qe4 23. Rxf8+ Rxf8 24. Rh2 Re8 25. Rh3 Rf8 26. Rh2 Bc8 27. Bd3
Qf3 28. Qe2 Bg4 29. Qd2 Qg3 30. Kc2 Bf5 31. Bxf5 Rxf5 32. Kd3 Qg4 33. Kc2 Qa4+
34. Kd3 Qxa2 35. Rf2 Qc4+ 36. Kc2 Qe4+ 37. Kd1 Qb1+ 38. Ke2 Rxf2+ 39. Kxf2 Qh1
40. Qd4 Qh2+ 41. Kf3 Qh1+ 42. Kf2 Qe4 43. Qxe4 dxe4 44. Kg3 Kf7 45. Kf4 Ke6 46.
Kxe4 c5 47. h5 g6 48. h6 Kd6 49. Kf4 b4 50. c4 a4 51. e4 a3 52. e5+ Ke6 53.
bxa3 bxa3 0-1

[Event "MCR mladeze 2014, H12"]
[Site "Kouty nad Desnou"]
[Date "2014.03.11"]
[Round "5"]
[White "Sykora, Marek"]
[Black "Petr, Jakub"]
[Result "0-1"]
[WhiteElo "1674"]
[BlackElo "1605"]
[PlyCount "48"]
[EventDate "2014.??.??"]

1. e4 c5 2. c3 g6 3. d4 cxd4 4. cxd4 d5 5. exd5 Nf6 6. Nc3 Bg7 7. Nf3 O-O 8.
Be2 Nxd5 9. O-O Nc6 10. Qb3 Be6 11. Qxb7 Nxd4 12. Nxd4 Bxd4 13. Bh6 Nxc3 14.
bxc3 Bg7 15. Bxg7 Kxg7 16. Rfd1 Qc8 17. Qxe7 Qxc3 18. Bf3 Rfe8 19. Qb7 Rad8 20.
Qxa7 Rxd1+ 21. Rxd1 Bb3 22. Rf1 Bc4 23. Qc5 Re1 24. Be2 Rxe2 0-1

[Event "MCR mladeze 2014, H12"]
[Site "Kouty nad Desnou"]
[Date "2014.03.11"]
[Round "5"]
[White "Svanda, Ondrej"]
[Black "Mladek, Richard"]
[Result "1-0"]
[WhiteElo "1756"]
[BlackElo "1685"]
[PlyCount "115"]
[EventDate "2014.??.??"]

1. e4 c5 2. Nc3 d6 3. f4 g6 4. Nf3 Bg7 5. Bb5+ Bd7 6. Bc4 Nc6 7. d3 e6 8. O-O
Nge7 9. Qe1 O-O 10. h3 Nd4 11. Nxd4 cxd4 12. Ne2 Re8 13. Qf2 d5 14. exd5 exd5
15. Bb3 Qb6 16. Qf3 Rac8 17. Re1 Qa5 18. Rd1 Bc6 19. Bd2 Qc5 20. Ng3 h5 21. f5
h4 22. f6 hxg3 23. fxe7 Be5 24. Bf4 Bxf4 25. Qxf4 Qxe7 26. Qxg3 Qe3+ 27. Qf2
Qxf2+ 28. Kxf2 Re3 29. Re1 Rce8 30. Rad1 Kg7 31. c3 Rxe1 32. Rxe1 Rxe1 33. Kxe1
dxc3 34. bxc3 d4 35. cxd4 Bxg2 36. h4 Bc6 37. Kf2 a5 38. a3 Be8 39. Ke3 Kf6 40.
Kf4 Bd7 41. d5 b5 42. d4 a4 43. Ba2 Bf5 44. d6 Bd7 45. Bd5 Be8 46. Ke4 Kg7 47.
Ke5 Bd7 48. Bf3 f6+ 49. Kd5 Kf7 50. Kc5 Ke6 51. h5 gxh5 52. Bxh5 Kf5 53. d5 Ke4
54. Bf7 f5 55. Be6 Be8 56. d7 Bxd7 57. Bxd7 f4 58. Bxb5 1-0

[Event "MCR mladeze 2014, H12"]
[Site "Kouty nad Desnou"]
[Date "2014.03.11"]
[Round "5"]
[White "Skalsky, Alexandr"]
[Black "Halamicek, Radek"]
[Result "1-0"]
[WhiteElo "1746"]
[BlackElo "1491"]
[PlyCount "31"]
[EventDate "2014.??.??"]

1. e4 c5 2. Nf3 e6 3. d4 cxd4 4. Nxd4 Nf6 5. Bd3 Nc6 6. Nxc6 bxc6 7. O-O d5 8.
Nd2 Bc5 9. Qe2 Qc7 10. b3 O-O 11. Bb2 dxe4 12. Bxf6 exd3 13. Qg4 g6 14. Qg5 Bd4
15. Ne4 Re8 16. Qh6 1-0

[Event "MCR mladeze 2014, H12"]
[Site "Kouty nad Desnou"]
[Date "2014.03.11"]
[Round "5"]
[White "Nehyba, Martin"]
[Black "Haase, Pavel"]
[Result "1-0"]
[WhiteElo "1629"]
[BlackElo "1700"]
[PlyCount "71"]
[EventDate "2014.??.??"]

1. e4 c5 2. Nf3 Nc6 3. d4 cxd4 4. Nxd4 Nf6 5. Nc3 e5 6. Ndb5 d6 7. Bg5 a6 8.
Na3 Be7 9. Bxf6 Bxf6 10. Nd5 b5 11. c3 O-O 12. f3 Bb7 13. Bd3 Bh4+ 14. g3 Bg5
15. h4 Be7 16. Nc2 Rc8 17. Qd2 Na5 18. Nxe7+ Qxe7 19. Ne3 Qe6 20. g4 Nc4 21.
Bxc4 bxc4 22. Nf5 Rcd8 23. O-O-O d5 24. Rhg1 Qf6 25. g5 Qe6 26. h5 Rde8 27. h6
Rd8 28. hxg7 Rfe8 29. Rh1 f6 30. gxf6 Qxf6 31. Rh6 Qf7 32. Rxh7 Qxf5 33. exf5
Kxh7 34. Rh1+ Kg8 35. Qh6 Kf7 36. Qg6+ 1-0

[Event "MCR mladeze 2014, H12"]
[Site "Kouty nad Desnou"]
[Date "2014.03.11"]
[Round "5"]
[White "Vorisek, Jakub"]
[Black "Martirosyan, Ara"]
[Result "0-1"]
[WhiteElo "1619"]
[BlackElo "1659"]
[PlyCount "108"]
[EventDate "2014.??.??"]

1. e4 c5 2. Nf3 g6 3. d4 Bg7 4. c3 cxd4 5. Nxd4 Nc6 6. Nxc6 bxc6 7. Be3 Nf6 8.
e5 Nd5 9. Bd4 O-O 10. c4 Qa5+ 11. Nc3 Nxc3 12. Bxc3 Qb6 13. Be2 c5 14. O-O Rd8
15. Bf3 Bb7 16. Bd5 Bxd5 17. Qxd5 e6 18. Qe4 d5 19. exd6 Bxc3 20. bxc3 Qxd6 21.
f3 Qd3 22. Rac1 Qxe4 23. fxe4 Rd2 24. Rf2 Rad8 25. Rb1 Rxf2 26. Kxf2 Rd2+ 27.
Kf3 Rd3+ 28. Kf4 Rxc3 29. Rb8+ Kg7 30. Ra8 Rxc4 31. Rxa7 Rc2 32. Kg3 c4 33. a4
Ra2 34. a5 c3 35. Rc7 Rxa5 36. Rxc3 Ra4 37. Kf4 f5 38. Re3 Kf6 39. Kf3 Rxe4 40.
Rxe4 fxe4+ 41. Kxe4 e5 42. g3 Ke6 43. h3 h6 44. Ke3 Kd5 45. Kd3 e4+ 46. Ke3 Ke5
47. Kd2 Kd4 48. Ke2 e3 49. Ke1 Kd3 50. h4 h5 51. Kd1 e2+ 52. Ke1 Ke3 53. g4
hxg4 54. h5 g3 0-1